000 004400000a22001810004500
003 MACL
005 20150826154520.0
008 150826b xxu||||| |||| 00| 0 eng d
040 _aMACL
_cMACL
041 _aEnglish
082 _a745/DHA
100 _aDhamija, Jasleen
_97643
245 _aIndian Folk Arts And Crafts
260 _bNatinoal Book Trust
_c1970
_aNew Delhi
350 _a7.25
650 _aArts
_97644
942 _cBK
_k745
_2ddc
999 _c7853
_d7853